Smallest Countries A-Z - Statistics

General Stats
  • This quiz has been taken 137 times
  • The average score is 17 of 24
Answer Stats
Letter Country % Correct
V Vatican City
84%
A Antigua and Barbuda
81%
B Barbados
80%
F Fiji
79%
M Monaco
79%
O Oman
79%
Q Qatar
77%
Z Zimbabwe
77%
Y Yemen
76%
H Haiti
74%
L Liechtenstein
74%
D Dominica
72%
J Jamaica
72%
N Nauru
72%
S San Marino
72%
K Kiribati
70%
P Palau
69%
T Tuvalu
69%
R Rwanda
60%
C Comoros
58%
G Grenada
57%
U United Arab Emirates
53%
I Israel
49%
E Eswatini
41%
No matching quizzes found
Score Distribution
Percent of People with Each Score
Percentile by Number Answered
Your Score History
You have not taken this quiz